[Event "HUN-chT BAZ megyei CSB 2122"]
[Site "Hungary"]
[Date "2022.03.27"]
[Round "9.2"]
[White "Kiss, Levente"]
[Black "Galko, Tibor"]
[Result "1/2-1/2"]
[WhiteElo "1987"]
[BlackElo "1845"]
[PlyCount "26"]
[EventDate "2021.10.17"]
[EventType "team-tourn"]
[EventRounds "9"]
[EventCountry "HUN"]
[SourceTitle "EXT 2025"]
[Source "ChessBase"]
[SourceDate "2024.10.14"]
[SourceVersion "1"]
[SourceVersionDate "2024.10.14"]
[SourceQuality "1"]
[WhiteTeam "Ozdi Sakk SE"]
[BlackTeam "Edelenyi VSE II"]
[WhiteTeamCountry "HUN"]
[BlackTeamCountry "HUN"]

1. e4 d5 2. e5 c5 3. Nf3 Nc6 4. Bb5 Bd7 5. Bxc6 Bxc6 6. 0-0 e6 7. d3 Qb6 8. c3 Nh6 9. Qc2 Be7 10. Bf4 Nf5 11. Nbd2 h6 12. g4 Nh4 13. Nxh4 Bxh4 1/2-1/2

[Event "HUN-chT 1516 BAZ II Gavel"]
[Site "Hungary"]
[Date "2016.02.06"]
[Round "5"]
[White "Galko, Tibor"]
[Black "Pribelszky, Bence Daniel"]
[Result "0-1"]
[WhiteElo "1847"]
[BlackElo "2177"]
[PlyCount "118"]
[EventDate "2015.09.27"]
[EventType "team-tourn"]
[EventRounds "7"]
[EventCountry "HUN"]
[SourceTitle "EXT 2025"]
[Source "ChessBase"]
[SourceDate "2024.10.14"]
[SourceVersion "1"]
[SourceVersionDate "2024.10.14"]
[SourceQuality "1"]
[WhiteTeam "Edelenyi VSE III"]
[BlackTeam "Miskolc KisBocsok III"]
[WhiteTeamCountry "HUN"]
[BlackTeamCountry "HUN"]

1. e4 c5 2. Nf3 e6 3. d4 cxd4 4. c3 dxc3 5. Nxc3 Nc6 6. Bc4 a6 7. Qe2 Nge7 8. Bf4 Ng6 9. Bg3 Be7 10. 0-0 0-0 11. Rfd1 b5 12. Bb3 Qa5 13. Bd6 Rd8 14. Bxe7 Ncxe7 15. Rd6 Bb7 16. Rad1 Bc6 17. Nd4 Qc7 18. Nxc6 dxc6 19. Qd2 Rxd6 20. Qxd6 Qxd6 21. Rxd6 Kf8 22. g3 Ke8 23. f4 Rd8 24. Rxd8+ Kxd8 25. Kf2 Kc7 26. h4 c5 27. h5 Nf8 28. g4 Nc6 29. Ke3 Nd7 30. e5 c4 31. Bc2 g6 32. h6 Nc5 33. Be4 b4 34. Ne2 Na4 35. b3 cxb3 36. axb3 Nc5 37. Bc2 Ne7 38. Kd4 Kb6 39. Ng3 Ng8 40. g5 Ne7 41. Kc4 Nd5 42. Nf1 Nxf4 43. Nd2 a5 44. Kd4 Ne2+ 45. Ke3 Nc1 46. Nc4+ Ka6 47. Nd6 N1xb3 48. Nxf7 a4 49. Bxg6 a3 50. Bb1 Na5 51. g6 b3 52. gxh7 a2 53. Bxa2 bxa2 54. h8Q a1Q 55. Qa8+ Kb5 56. Nd6+ Kb4 57. Qb8+ Ka3 58. Nb5+ Ka2 59. Qh8 Nc4+ 0-1

[Event "HUN-chT 1516 BAZ II Gavel"]
[Site "Hungary"]
[Date "2015.12.20"]
[Round "3"]
[White "Kiss, Zoltan Zsolt"]
[Black "Galko, Tibor"]
[Result "1/2-1/2"]
[WhiteElo "1913"]
[BlackElo "1868"]
[PlyCount "24"]
[EventDate "2015.09.27"]
[EventType "team-tourn"]
[EventRounds "7"]
[EventCountry "HUN"]
[SourceTitle "EXT 2025"]
[Source "ChessBase"]
[SourceDate "2024.10.14"]
[SourceVersion "1"]
[SourceVersionDate "2024.10.14"]
[SourceQuality "1"]
[WhiteTeam "Tiszaujvaros"]
[BlackTeam "Edelenyi VSE III"]
[WhiteTeamCountry "HUN"]
[BlackTeamCountry "HUN"]

1. c4 c6 2. Nf3 Nf6 3. g3 d5 4. cxd5 Qxd5 5. Bg2 Qa5 6. 0-0 Bf5 7. Nc3 Nbd7 8. d4 e6 9. Nd2 Bb4 10. Qb3 Nb6 11. a3 Bxc3 12. bxc3 Qa4 1/2-1/2